| 000 | 01114cam a22001934a 4500 | ||
|---|---|---|---|
| 005 | 20250605163928.0 | ||
| 008 | 250528s ||||||||||||||||||||||||d | ||
| 035 | _a14587 | ||
| 020 | _a415128633 | ||
| 040 |
_aGR-AtMCL _bgre _dGR-AtMCL _eAACR2 |
||
| 245 | 1 | _aPutting Psychology in its Place / An Introduction from a Critical Historical Perspective | |
| 260 |
_bRouledge, _c1996 |
||
| 300 | _a198 | ||
| 520 | _aAn invaluable introductory text for students and anyone interested in the discipline. Preface, Psychology and History, Before Psychology: 1600-1850, Founding Psychology: Evolution and Experimentation, William James and the Founding of American Psychology, Behaviorism, Gestalt Psychology, Cognitive Psychology, Psychology and the Meanings of Madness, Psychology and the Brain, Looking at Perception, Some Problems with Measurement, Social Psychology Psychology and the Child, Psychological Uses of Animals, Psychology and Gender, Psychology and ''Race'', Psychology and War, Epilogue, Name and Subject Index. | ||
| 700 | 1 |
_aRichards Graham _9304 |
|
| 942 | _cBK | ||
| 999 |
_c211 _d211 |
||